[Event "Rated Blitz game"]
[Site "?"]
[Date "2021.06.27"]
[Round "?"]
[White "Horween"]
[Black "Mastropierov"]
[Result "0-1"]
[WhiteElo "2361"]
[BlackElo "2400"]
[PlyCount "38"]
[EventDate "2021.??.??"]
[EventType "blitz"]
[TimeControl "180"]

1. e4 e5 2. Nf3 Nc6 3. Nc3 Nf6 4. Nxe5 Nxe5 5. d4 Ng6 6. e5 Bb4 7. exf6 Qxf6 8.
Be3 d5 9. Qd3 c6 10. a3 Bf5 11. Qd2 Bd6 12. Bd3 Bxd3 13. Qxd3 O-O 14. O-O Rfe8
15. Rae1 Re7 16. Qd2 h6 17. Ne2 Rae8 18. Ng3 Qh4 19. a4 f5 {Normal} 0-1

[Event "Rated Blitz game"]
[Site "?"]
[Date "2021.06.26"]
[Round "?"]
[White "forbiddencheapos"]
[Black "MACHINOVISH"]
[Result "0-1"]
[WhiteElo "2403"]
[BlackElo "2445"]
[PlyCount "68"]
[EventDate "2021.??.??"]
[EventType "blitz"]
[TimeControl "300"]

1. e4 e5 2. Nf3 Nc6 3. Nc3 Nf6 4. Nxe5 Nxe5 5. d4 Ng6 6. e5 Ng8 7. Bc4 d5 8.
Bxd5 Bb4 9. Qf3 Bxc3+ 10. bxc3 Be6 11. Bxb7 Rb8 12. Bc6+ Bd7 13. Bd5 Be6 14.
Bc6+ Bd7 15. Bd5 Be6 16. Bxe6 fxe6 17. Ba3 N8e7 18. O-O Qd5 19. Qg3 O-O 20. Bc5
Rb2 21. Bxa7 Rxc2 22. a4 Ra8 23. Bc5 Nc6 24. Rfb1 Ncxe5 25. a5 Nc4 26. Qxc7 Ne3
27. Rb8+ Rxb8 28. Qxb8+ Kf7 29. Qg3 Qa2 30. Re1 Nf5 31. Qc7+ Kf6 32. Qd8+ Kf7
33. Qd7+ Nfe7 34. Qxe6+ Qxe6 {Normal} 0-1

[Event "Rated Blitz game"]
[Site "?"]
[Date "2021.06.26"]
[Round "?"]
[White "forbiddencheapos"]
[Black "Usul88"]
[Result "0-1"]
[WhiteElo "2412"]
[BlackElo "2360"]
[PlyCount "70"]
[EventDate "2021.??.??"]
[EventType "blitz"]
[TimeControl "300"]

1. e4 e5 2. Nf3 Nc6 3. Nc3 Nf6 4. Nxe5 Nxe5 5. d4 Ng6 6. e5 Ng8 7. Bc4 Bb4 8.
Qf3 Qe7 9. O-O Bxc3 10. bxc3 Nh6 11. a4 O-O 12. Re1 d6 13. Ba3 Nh4 14. Qh5 Bg4
15. Qxh6 gxh6 16. exd6 Qg5 17. Re5 Qg7 18. Re3 Nf5 19. Re5 Bf3 20. Bf1 Nxd6 21.
Re3 Bh5 22. Rg3 Bg6 23. h4 h5 24. Rd1 Rfe8 25. c4 Ne4 26. Re3 Qf6 27. Rf3 Qxh4
28. g3 Qg5 29. Bc1 Qe7 30. Rf4 Rad8 31. Be3 c5 32. d5 b6 33. Bd3 Nc3 34. Ra1
Qe5 35. Re1 Nxa4 {Time forfeit} 0-1

[Event "Rated Blitz game"]
[Site "?"]
[Date "2021.06.26"]
[Round "?"]
[White "batasjon"]
[Black "bujka"]
[Result "0-1"]
[WhiteElo "2420"]
[BlackElo "2300"]
[PlyCount "102"]
[EventDate "2021.??.??"]
[EventType "blitz"]
[TimeControl "180+2"]

1. e4 e5 2. Nf3 Nc6 3. Nc3 Nf6 4. Nxe5 Nxe5 5. d4 Bb4 6. dxe5 Nxe4 7. Qg4 d5 8.
Qxg7 Rf8 9. Bh6 Nxc3 10. bxc3 Bxc3+ 11. Ke2 Qe7 12. Rd1 d4 13. Kf3 Be6 14. Bg5
Qd7 15. Kf4 f6 16. Qxd7+ Kxd7 17. Bxf6 Bxa2 18. g4 Bd5 19. Rg1 a5 20. h4 a4 21.
g5 a3 22. Bh3+ Kc6 23. e6 Rae8 24. Rge1 a2 25. Kg3 a1=Q 26. Rxa1 Bxa1 27. Rxa1
Bxe6 28. Bg2+ Bd5 29. Bxd4 Bxg2 30. Kxg2 Kd5 31. c3 c5 32. Bf6 b5 33. Ra5 Kc4
34. f4 b4 35. cxb4 cxb4 36. Kg3 Rxf6 37. gxf6 b3 38. Ra7 Rb8 39. f7 b2 40. Rb7
Rxb7 41. f8=Q b1=Q 42. Qc8+ Kd3 43. Qd8+ Ke2 44. Qe8+ Kd2 45. Qd8+ Ke3 46. Qe8+
Qe4 47. Qxe4+ Kxe4 48. Kg4 Rf7 49. Kh5 Rxf4 50. Kg5 h5 51. Kxh5 Kf5 {Normal}
0-1

[Event "Rated Blitz tournament 9U9NJnoZ"]
[Site "?"]
[Date "2021.06.26"]
[Round "?"]
[White "SanLit"]
[Black "Archy17"]
[Result "0-1"]
[WhiteElo "2336"]
[BlackElo "2477"]
[PlyCount "88"]
[EventDate "2021.??.??"]
[EventType "blitz"]
[TimeControl "180+2"]

1. e4 e5 2. Nf3 Nc6 3. Nc3 Nf6 4. Nxe5 Nxe5 5. d4 Bd6 6. dxe5 Bxe5 7. Bd3 d6 8.
f4 Bxc3+ 9. bxc3 Bg4 10. Qd2 Qe7 11. O-O O-O 12. Qe3 Rfe8 13. Re1 Bd7 14. h3
Bc6 15. e5 Nd5 16. Qg3 dxe5 17. fxe5 Qc5+ 18. Kh1 g6 19. e6 Qxc3 20. Bh6 Rxe6
21. Rxe6 Qxa1+ 22. Re1 Qc3 23. h4 Re8 24. Rf1 Qe5 25. Qf3 f5 26. Qf2 Ne3 27.
Re1 Ng4 28. Bc4+ Kh8 29. Rxe5 Nxf2+ 30. Kg1 Rxe5 31. Kxf2 Bd5 32. Bd3 Kg8 33.
Bf4 Re7 34. c4 Be4 35. Be2 c6 36. Bg5 Rd7 37. Ke3 Kf7 38. g4 Ke6 39. h5 a6 40.
h6 b5 41. cxb5 axb5 42. a4 bxa4 43. Bc4+ Bd5 44. Bd3 a3 {Normal} 0-1

[Event "Rated Blitz game"]
[Site "?"]
[Date "2021.06.26"]
[Round "?"]
[White "vladlitus"]
[Black "davideoli97"]
[Result "0-1"]
[WhiteElo "2362"]
[BlackElo "2444"]
[PlyCount "112"]
[EventDate "2021.??.??"]
[EventType "blitz"]
[TimeControl "180"]

1. e4 e5 2. Nf3 Nc6 3. Nc3 Nf6 4. Nxe5 Nxe5 5. d4 Nc6 6. d5 Bb4 7. dxc6 Nxe4 8.
Qd4 Bxc3+ 9. bxc3 Nf6 10. cxd7+ Qxd7 11. Ba3 b6 12. Bc4 c5 13. Qe5+ Qe7 14.
Qxe7+ Kxe7 15. O-O Be6 16. Rae1 Rad8 17. Bxe6 fxe6 18. Re2 Rd6 19. Rfe1 Rhd8
20. f3 Kf7 21. c4 Nh5 22. Bb2 g6 23. Be5 Rd1 24. g4 Rxe1+ 25. Rxe1 Nf6 26. Re2
Rd1+ 27. Kf2 Nd7 28. Bc3 a6 29. a4 Nb8 30. a5 bxa5 31. Bxa5 Nc6 32. Bb6 Nd4 33.
Re3 Nxc2 34. Rc3 Rd2+ 35. Kg3 Nd4 36. Ra3 Ne2+ 37. Kf2 Nd4+ 38. Kg3 Ne2+ 39.
Kf2 Nd4+ 40. Kf1 Rxh2 41. Bxc5 Nc2 42. Rxa6 g5 43. Kg1 Rd2 44. Ra2 Rd1+ 45. Kf2
Nd4 46. Ra7+ Kg6 47. Rd7 Rd2+ 48. Ke3 Nb3 49. Rxd2 Nxc5 50. Kd4 Nb3+ 51. Kc3
Nxd2 52. Kxd2 h5 53. gxh5+ Kf6 54. c5 Kg7 55. Ke3 Kh6 56. Ke4 Kxh5 {Time
forfeit} 0-1

[Event "Rated Blitz game"]
[Site "?"]
[Date "2021.06.26"]
[Round "?"]
[White "forbiddencheapos"]
[Black "TomasMann"]
[Result "1-0"]
[WhiteElo "2412"]
[BlackElo "2359"]
[PlyCount "35"]
[EventDate "2021.??.??"]
[EventType "blitz"]
[TimeControl "300"]

1. e4 e5 2. Nf3 Nc6 3. Nc3 Nf6 4. Nxe5 Nxe5 5. d4 Ng6 6. e5 Ng8 7. Bc4 Bb4 8.
Qf3 Qe7 9. O-O Bxc3 10. bxc3 Nh4 11. Qh5 g6 12. Qe2 b5 13. Bxb5 Bb7 14. f3
O-O-O 15. Rb1 Qe6 16. Bg5 Nf5 17. Bc4 Bd5 18. Bxd5 {Normal} 1-0

[Event "Rated Rapid game"]
[Site "?"]
[Date "2021.06.25"]
[Round "?"]
[White "Alphazeno"]
[Black "MaMadfghjkl"]
[Result "0-1"]
[WhiteElo "2294"]
[BlackElo "2407"]
[PlyCount "44"]
[EventDate "2021.??.??"]
[EventType "rapid"]
[TimeControl "600"]

1. e4 Nf6 2. Nc3 Nc6 3. Nf3 e5 4. Nxe5 Nxe5 5. d4 Ng6 6. e5 Ng8 7. Bc4 d5 8.
Bxd5 N8e7 9. Be4 c5 10. O-O cxd4 11. Nb5 Nc6 12. e6 Bxe6 13. Bxg6 hxg6 14. Bf4
Rc8 15. Re1 a6 16. Qd3 axb5 17. Rxe6+ fxe6 18. Qxg6+ Kd7 19. Re1 Qf6 20. Qe4
Rh4 21. g3 Rxf4 22. gxf4 Bd6 {Normal} 0-1

[Event "Rated Blitz game"]
[Site "?"]
[Date "2021.06.25"]
[Round "?"]
[White "Aref2233"]
[Black "BonnieLiX"]
[Result "0-1"]
[WhiteElo "2357"]
[BlackElo "2503"]
[PlyCount "40"]
[EventDate "2021.??.??"]
[EventType "blitz"]
[TimeControl "180+2"]

1. e4 e5 2. Nf3 Nc6 3. Nc3 Nf6 4. Nxe5 Nxe5 5. d4 Nc6 6. d5 Nb8 7. e5 Ng8 8. d6
cxd6 9. exd6 Qf6 10. Nb5 Kd8 11. Be3 Nc6 12. Bc4 g6 13. Qd5 Bh6 14. O-O Qe6 15.
Bxh6 Qxd5 16. Bxd5 Nxh6 17. Rfe1 b6 18. Nc7 Rb8 19. Re3 Nf5 20. Re4 Nxd6 {
Normal} 0-1

[Event "Rated Blitz tournament Evn3e1MI"]
[Site "?"]
[Date "2021.06.25"]
[Round "?"]
[White "Henry940622"]
[Black "Arieleitor"]
[Result "0-1"]
[WhiteElo "2306"]
[BlackElo "2541"]
[PlyCount "76"]
[EventDate "2021.??.??"]
[EventType "blitz"]
[TimeControl "180"]

1. e4 e5 2. Nf3 Nc6 3. Nc3 Nf6 4. Nxe5 Nxe5 5. d4 Ng6 6. e5 Ng8 7. Bc4 d5 8.
Bxd5 c6 9. Bb3 Be6 10. O-O Bb4 11. Ne4 Qb6 12. c3 Be7 13. f4 O-O-O 14. f5 Bxb3
15. axb3 Nxe5 16. Qe2 f6 17. Kh1 Nf7 18. Be3 Qxb3 19. Rxa7 Ngh6 20. Bxh6 gxh6
21. Nd2 Qb6 22. Ra8+ Kd7 23. Qe6+ Ke8 24. Re1 Qc7 25. Rxd8+ Nxd8 26. Qxf6 Rf8
27. Qxh6 Rxf5 28. Qxh7 Rf7 29. Qg8+ Kd7 30. Nc4 Kc8 31. Ra1 Qf4 32. h3 Rf8 33.
Qh7 Qf7 34. Qh6 Qxc4 35. Kg1 Qe2 36. d5 Bc5+ 37. Kh1 Rf1+ 38. Kh2 Qe5+ {Normal}
0-1

[Event "Rated Blitz game"]
[Site "?"]
[Date "2021.06.25"]
[Round "?"]
[White "lavilaine"]
[Black "mostakimtal"]
[Result "1-0"]
[WhiteElo "2402"]
[BlackElo "2233"]
[PlyCount "63"]
[EventDate "2021.??.??"]
[EventType "blitz"]
[TimeControl "180"]

1. e4 e5 2. Nf3 Nf6 3. Nc3 Nc6 4. Nxe5 Nxe5 5. d4 Ng6 6. e5 Ng8 7. Bc4 c6 8.
Qf3 Qe7 9. Bg5 f6 10. Ne4 Qb4+ 11. c3 Qxc4 12. exf6 Nxf6 13. Bxf6 gxf6 14.
Nxf6+ Kd8 15. O-O-O Qxa2 16. Rhe1 Bh6+ 17. Kc2 Qa4+ 18. Kb1 Rf8 19. d5 Qf4 20.
dxc6 Rxf6 21. cxd7 Bxd7 22. Rxd7+ Kxd7 23. Qxb7+ Qc7 24. Qxa8 Re6 25. Qd5+ Rd6
26. Qf7+ Kc6 27. Qf3+ Kb6 28. Re4 Qc5 29. Rb4+ Ka5 30. Qb7 Rd1+ 31. Kc2 Qd5 32.
Qxa7# {Normal} 1-0

[Event "Rated Blitz game"]
[Site "?"]
[Date "2021.06.25"]
[Round "?"]
[White "khalid_ontawar"]
[Black "mikripetalouda"]
[Result "1-0"]
[WhiteElo "2492"]
[BlackElo "2449"]
[PlyCount "83"]
[EventDate "2021.??.??"]
[EventType "blitz"]
[TimeControl "180"]

1. e4 e5 2. Nc3 Nc6 3. Nf3 Nf6 4. Nxe5 Nxe5 5. d4 Ng6 6. e5 Ng8 7. Bc4 Bb4 8.
Qf3 Bxc3+ 9. bxc3 Qe7 10. a4 d6 11. O-O dxe5 12. Re1 Nf6 13. Ba3 Qd8 14. dxe5
Bg4 15. Qxb7 Nd7 16. e6 Bxe6 17. Rad1 Ne7 18. Bxe6 fxe6 19. Rxe6 O-O 20. Rxe7
Nc5 21. Rxd8 Nxb7 22. Rxa8 Rxa8 23. Rxc7 Rd8 24. g3 Rd1+ 25. Kg2 Rb1 26. Bb4 a5
27. Rxb7 axb4 28. cxb4 Ra1 29. a5 Ra2 30. c4 h5 31. h4 Ra4 32. c5 Kh7 33. c6
Ra2 34. c7 Rc2 35. a6 Kg6 36. a7 Ra2 37. c8=Q Rc2 38. Qxc2+ Kf6 39. Rb6+ Kf7
40. Qc4+ Kf8 41. Rb7 Ke8 42. Qc8# {Normal} 1-0

[Event "Rated Blitz game"]
[Site "?"]
[Date "2021.06.25"]
[Round "?"]
[White "forbiddencheapos"]
[Black "D_sniper_elite"]
[Result "1-0"]
[WhiteElo "2401"]
[BlackElo "2305"]
[PlyCount "57"]
[EventDate "2021.??.??"]
[EventType "blitz"]
[TimeControl "300"]

1. e4 e5 2. Nf3 Nc6 3. Nc3 Nf6 4. Nxe5 Nxe5 5. d4 Ng6 6. e5 Be7 7. exf6 Bxf6 8.
Bc4 c6 9. d5 d6 10. Ne4 c5 11. Bb5+ Kf8 12. O-O a6 13. Be2 Bf5 14. Ng3 Bd7 15.
a4 Qa5 16. Nh5 Be7 17. Bd2 Qc7 18. Bc3 f6 19. f4 Kf7 20. Bg4 Rhe8 21. Re1 Bf8
22. Be6+ Bxe6 23. dxe6+ Kg8 24. Qd5 Ne7 25. Qf3 d5 26. Bxf6 gxf6 27. Nxf6+ Kh8
28. Qh5 Ng6 29. f5 {Normal} 1-0

[Event "Rated Blitz game"]
[Site "?"]
[Date "2021.06.24"]
[Round "?"]
[White "khalid_ontawar"]
[Black "JeremyDuran"]
[Result "1-0"]
[WhiteElo "2458"]
[BlackElo "2391"]
[PlyCount "117"]
[EventDate "2021.??.??"]
[EventType "blitz"]
[TimeControl "180"]

1. e4 e5 2. Nf3 Nc6 3. Nc3 Nf6 4. Nxe5 Nxe5 5. d4 Ng6 6. e5 Bb4 7. exf6 Qxf6 8.
Be3 d5 9. Be2 O-O 10. O-O c6 11. Bf3 Ba5 12. Ne2 Bc7 13. Ng3 Qh4 14. b3 f5 15.
Bd2 Nf4 16. Bxf4 Bxf4 17. c4 Be6 18. Re1 Rae8 19. cxd5 Bxd5 20. Bxd5+ cxd5 21.
Qf3 Re4 22. Nxe4 Qxh2+ 23. Kf1 fxe4 24. Qh3 Qxh3 25. gxh3 Bg3 26. Re2 e3 27.
Kg2 Bxf2 28. Rc1 Rf4 29. Rc8+ Kf7 30. Rc7+ Kg6 31. Rxb7 Rxd4 32. Rxa7 Rd2 33.
Kf3 Rd1 34. Rxe3 Bxe3 35. Kxe3 Rh1 36. Kd4 Rxh3 37. Kxd5 h5 38. Ra8 h4 39. b4
Rd3+ 40. Ke4 Rd1 41. Kf3 h3 42. Kg3 Rd3+ 43. Kh2 Kg5 44. b5 Kg4 45. Ra4+ Kf5
46. b6 g5 47. b7 Rd2+ 48. Kxh3 Rb2 49. Ra7 Kf4 50. Ra4+ Kf3 51. Ra3+ Kf4 52.
Ra4+ Kf3 53. b8=Q g4+ 54. Rxg4 Rh2+ 55. Kxh2 Kxg4 56. a4 Kf5 57. a5 Ke6 58. a6
Kd5 59. Qb4 {Time forfeit} 1-0

[Event "Rated Blitz game"]
[Site "?"]
[Date "2021.06.24"]
[Round "?"]
[White "forbiddencheapos"]
[Black "Rooko64"]
[Result "0-1"]
[WhiteElo "2447"]
[BlackElo "2431"]
[PlyCount "94"]
[EventDate "2021.??.??"]
[EventType "blitz"]
[TimeControl "300"]

1. e4 e5 2. Nf3 Nc6 3. Nc3 Nf6 4. Nxe5 Nxe5 5. d4 Nc6 6. d5 Ne5 7. f4 Bd6 8.
fxe5 Bxe5 9. Bd3 O-O 10. O-O d6 11. Bg5 h6 12. Bh4 Bd4+ 13. Kh1 g5 14. Bg3 Ng4
15. Be2 Bxc3 16. Bxg4 Bxb2 17. Rb1 Bg7 18. c4 b6 19. Bxc8 Rxc8 20. Qh5 Qe7 21.
Rbe1 Rce8 22. h4 f6 23. Rf5 Qf7 24. Qf3 Qg6 25. h5 Qf7 26. Bf2 Qd7 27. g4 Re5
28. Bd4 Rxf5 29. exf5 Re8 30. Re6 Rxe6 31. dxe6 Qa4 32. Qd5 Qd1+ 33. Bg1 Qxd5+
34. cxd5 Bf8 35. Kg2 Be7 36. Kf3 Kf8 37. Ke4 Ke8 38. Kd3 Kd8 39. Kc4 Kc8 40.
Bd4 Kb7 41. a4 c6 42. Bc3 a6 43. Bd4 b5+ 44. axb5 axb5+ 45. Kb4 c5+ 46. Bxc5
dxc5+ 47. Kxb5 Kc7 {Normal} 0-1

[Event "Rated Blitz game"]
[Site "?"]
[Date "2021.06.24"]
[Round "?"]
[White "mincso"]
[Black "Charcot3"]
[Result "1-0"]
[WhiteElo "2445"]
[BlackElo "2486"]
[PlyCount "29"]
[EventDate "2021.??.??"]
[EventType "blitz"]
[TimeControl "180+2"]

1. e4 e5 2. Nf3 Nc6 3. Nc3 Nf6 4. Nxe5 Nxe5 5. d4 Nc6 6. d5 Nb8 7. e5 Ng8 8. d6
cxd6 9. exd6 Qf6 10. Nb5 Na6 11. Bc4 Qe5+ 12. Be3 Nf6 13. O-O Qh5 14. Qe1 Qe5
15. Bxa7 {Normal} 1-0

[Event "Rated Blitz game"]
[Site "?"]
[Date "2021.06.24"]
[Round "?"]
[White "forbiddencheapos"]
[Black "Novikov_Vitaliy"]
[Result "1-0"]
[WhiteElo "2411"]
[BlackElo "2300"]
[PlyCount "83"]
[EventDate "2021.??.??"]
[EventType "blitz"]
[TimeControl "300"]

1. e4 e5 2. Nf3 Nc6 3. Nc3 Nf6 4. Nxe5 Nxe5 5. d4 Ng6 6. e5 Bb4 7. exf6 Qxf6 8.
Bc4 O-O 9. O-O c6 10. Ne4 Qh4 11. Bd3 Be7 12. Re1 d5 13. Ng3 Bf6 14. c3 Bg4 15.
Qb3 b6 16. Qa4 Bd7 17. Nf5 Qh5 18. Ng3 Qh4 19. Bd2 a5 20. Bf5 b5 21. Qc2 Rad8
22. Re2 Bg5 23. Bxd7 Rxd7 24. Qf5 Bxd2 25. Qxd7 Qg5 26. Qxc6 h5 27. Nxh5 Nh4
28. Ng3 b4 29. Re5 Qg4 30. Qxd5 bxc3 31. bxc3 Bxc3 32. Rg5 Qf4 33. Ne2 Qd2 34.
Nxc3 Qxc3 35. Rb1 Re8 36. Re5 Rc8 37. h3 Qc2 38. Rbe1 Qg6 39. Rg5 Qf6 40. Qe5
Qb6 41. Rxg7+ Kf8 42. Rg4 {Time forfeit} 1-0

[Event "Rated Blitz game"]
[Site "?"]
[Date "2021.06.24"]
[Round "?"]
[White "forbiddencheapos"]
[Black "thoroughlychecked"]
[Result "1-0"]
[WhiteElo "2415"]
[BlackElo "2404"]
[PlyCount "71"]
[EventDate "2021.??.??"]
[EventType "blitz"]
[TimeControl "300"]

1. e4 e5 2. Nf3 Nc6 3. Nc3 Nf6 4. Nxe5 Nxe5 5. d4 Ng6 6. e5 Ng8 7. Bc4 d5 8.
Bxd5 c6 9. Bb3 Bb4 10. O-O Bxc3 11. bxc3 N8e7 12. f4 b5 13. a4 Be6 14. axb5
cxb5 15. Ra6 Bxb3 16. cxb3 Qd7 17. Qd3 Nh4 18. Rd6 Qb7 19. Rf2 Nhf5 20. Ba3 O-O
21. c4 bxc4 22. bxc4 Nxd6 23. exd6 Nc6 24. Rb2 Qa6 25. d5 Na5 26. Rb5 Rfc8 27.
c5 Nb7 28. c6 Na5 29. d7 Rd8 30. c7 Rxd7 31. Rb8+ Qc8 32. Rxc8+ Rxc8 33. d6 Nb7
34. Qa6 Rcxc7 35. dxc7 Rxc7 36. Qxa7 {Normal} 1-0

[Event "Rated Blitz game"]
[Site "?"]
[Date "2021.06.24"]
[Round "?"]
[White "Henry940622"]
[Black "Suffkopf97"]
[Result "0-1"]
[WhiteElo "2299"]
[BlackElo "2409"]
[PlyCount "30"]
[EventDate "2021.??.??"]
[EventType "blitz"]
[TimeControl "180"]

1. e4 e5 2. Nf3 Nc6 3. Nc3 Nf6 4. Nxe5 Nxe5 5. d4 Ng6 6. e5 Bb4 7. exf6 Qxf6 8.
Bc4 O-O 9. O-O c6 10. Ne4 Qe7 11. Bd3 d5 12. Ng3 f5 13. c3 Bd6 14. Re1 Qh4 15.
Qh5 Bxg3 {Normal} 0-1

[Event "Rated Blitz game"]
[Site "?"]
[Date "2021.06.24"]
[Round "?"]
[White "Salimskyi"]
[Black "Kostik_Burnashev"]
[Result "0-1"]
[WhiteElo "2473"]
[BlackElo "2532"]
[PlyCount "58"]
[EventDate "2021.??.??"]
[EventType "blitz"]
[TimeControl "180"]

1. e4 e5 2. Nf3 Nc6 3. Nc3 Nf6 4. Nxe5 Nxe5 5. d4 Ng6 6. e5 Ng8 7. Bc4 d6 8.
Qf3 Be6 9. Qxb7 Bxc4 10. Qc6+ Ke7 11. Qxc4 Nh6 12. Bg5+ f6 13. exf6+ Kd7 14.
O-O-O gxf6 15. Qb5+ c6 16. Qb7+ Qc7 17. Qxa8 Be7 18. Qxh8 Nxh8 19. Bxh6 Nf7 20.
Bf4 Qa5 21. Rhe1 d5 22. Kb1 Bb4 23. Bd2 Nd6 24. a3 Bxa3 25. bxa3 Nc4 26. Ne4
Qb5+ 27. Bb4 dxe4 28. Rxe4 Nxa3+ 29. Ka2 Qxb4 {Normal} 0-1

[Event "Rated Blitz game"]
[Site "?"]
[Date "2021.06.24"]
[Round "?"]
[White "khalid_ontawar"]
[Black "MI_Irwantosadikin"]
[Result "0-1"]
[WhiteElo "2489"]
[BlackElo "2569"]
[PlyCount "86"]
[EventDate "2021.??.??"]
[EventType "blitz"]
[TimeControl "180"]

1. e4 e5 2. Nf3 Nc6 3. Nc3 Nf6 4. Nxe5 Nxe5 5. d4 Nc6 6. d5 Bb4 7. e5 Nxe5 8.
Bg5 h6 9. Bf4 Qe7 10. Be2 d6 11. O-O O-O 12. Bg3 Bxc3 13. bxc3 Ne4 14. Bd3 Nxg3
15. fxg3 Ng4 16. Re1 Qf6 17. Qd2 Bd7 18. Rf1 Qg5 19. Rf4 Ne5 20. Raf1 Nxd3 21.
Qxd3 Rae8 22. c4 Qe5 23. Kh1 f5 24. R4f2 Qe4 25. Qb3 b6 26. h3 Qe3 27. Qb2 Qxg3
28. Rf3 Qe5 29. Qc1 f4 30. c3 g5 31. a4 Bf5 32. a5 Be4 33. Re1 Qf5 34. Rf2
Qxh3+ 35. Kg1 Qg3 36. Rfe2 f3 37. Rf2 fxg2 38. Ree2 Rxf2 39. Rxf2 Qh3 40. Rc2
Bxc2 41. Kf2 g1=Q+ 42. Kxg1 Re2 43. Qf1 Qh2# {Normal} 0-1

[Event "Rated Blitz game"]
[Site "?"]
[Date "2021.06.24"]
[Round "?"]
[White "forbiddencheapos"]
[Black "oskarsd"]
[Result "1-0"]
[WhiteElo "2457"]
[BlackElo "2303"]
[PlyCount "27"]
[EventDate "2021.??.??"]
[EventType "blitz"]
[TimeControl "300"]

1. e4 Nf6 2. Nc3 e5 3. Nf3 Nc6 4. Nxe5 Nxe5 5. d4 Bb4 6. dxe5 Nxe4 7. Qg4 d5 8.
Qxg7 Rf8 9. Bd3 Nxc3 10. Bd2 Qe7 11. bxc3 Bd6 12. f4 f6 13. Qxe7+ Kxe7 14.
exd6+ {Normal} 1-0

[Event "Rated Blitz game"]
[Site "?"]
[Date "2021.06.24"]
[Round "?"]
[White "Pepeoutai"]
[Black "MiCenotafio"]
[Result "1-0"]
[WhiteElo "2433"]
[BlackElo "2386"]
[PlyCount "51"]
[EventDate "2021.??.??"]
[EventType "blitz"]
[TimeControl "180+2"]

1. e4 e5 2. Nf3 Nc6 3. Nc3 Nf6 4. Nxe5 Nxe5 5. d4 Nc6 6. d5 Ne5 7. f4 Ng6 8. e5
Bb4 9. exf6 Qxf6 10. Qd3 O-O 11. Be2 Nxf4 12. Bxf4 Qxf4 13. Rf1 Qe5 14. O-O-O
Bxc3 15. bxc3 d6 16. Rf3 Bg4 17. Re3 Bxe2 18. Qxe2 Qg5 19. Kb1 h6 20. Rd4 c5
21. Rdd3 b5 22. h4 Qf4 23. Re4 Qf5 24. g4 Qd7 25. Re7 Qxg4 26. Qxg4 {Normal}
1-0

[Event "Rated Blitz game"]
[Site "?"]
[Date "2021.06.24"]
[Round "?"]
[White "khalid_ontawar"]
[Black "Pilzbery"]
[Result "0-1"]
[WhiteElo "2451"]
[BlackElo "2398"]
[PlyCount "44"]
[EventDate "2021.??.??"]
[EventType "blitz"]
[TimeControl "180"]

1. e4 e5 2. Nf3 Nc6 3. Nc3 Nf6 4. Nxe5 Nxe5 5. d4 Nc6 6. d5 Ne5 7. f4 Ng6 8. e5
Ng8 9. d6 cxd6 10. exd6 Qf6 11. Nb5 Nxf4 12. Bxf4 Qxf4 13. Nc7+ Kd8 14. Nxa8
Bxd6 15. Qf3 Qb4+ 16. Qc3 Qe4+ 17. Kd1 Be5 18. Qa5+ b6 19. Nxb6 axb6 20. Qxb6+
Bc7 21. Qb4 Qxb4 22. Bd3 Nf6 {Normal} 0-1

[Event "Rated Blitz game"]
[Site "?"]
[Date "2021.06.24"]
[Round "?"]
[White "forbiddencheapos"]
[Black "SamKort"]
[Result "0-1"]
[WhiteElo "2425"]
[BlackElo "2380"]
[PlyCount "70"]
[EventDate "2021.??.??"]
[EventType "blitz"]
[TimeControl "300"]

1. e4 e5 2. Nf3 Nc6 3. Nc3 Nf6 4. Nxe5 Nxe5 5. d4 Ng6 6. e5 Ng8 7. Bc4 d5 8.
Bxd5 c6 9. Bb3 Be6 10. O-O N8e7 11. f4 Nf5 12. d5 Bc5+ 13. Kh1 cxd5 14. Nxd5 h5
15. c4 h4 16. Ba4+ Kf8 17. h3 Ng3+ 18. Kh2 Nxf1+ 19. Qxf1 Bxd5 20. cxd5 Qxd5
21. Bb3 Qc6 22. Qc4 Qc7 23. Be3 b6 24. Rc1 Rc8 25. Qe4 Ne7 26. f5 Rh5 27. Bxc5
bxc5 28. Rf1 Nc6 29. Re1 Nd4 30. Bd1 Rxf5 31. Qxh4 Rxe5 32. Qh8+ Ke7 33. Qh4+
f6 34. Rxe5+ Qxe5+ 35. Kg1 Nf5 {Time forfeit} 0-1

[Event "Rated Blitz game"]
[Site "?"]
[Date "2021.06.24"]
[Round "?"]
[White "khalid_ontawar"]
[Black "Player711"]
[Result "1/2-1/2"]
[WhiteElo "2491"]
[BlackElo "2452"]
[PlyCount "147"]
[EventDate "2021.??.??"]
[EventType "blitz"]
[TimeControl "180"]

1. e4 e5 2. Nf3 Nc6 3. Nc3 Nf6 4. Nxe5 Nxe5 5. d4 Ng6 6. e5 Ng8 7. Bc4 d5 8.
Bxd5 c6 9. Bc4 Bb4 10. O-O N8e7 11. a3 Bxc3 12. bxc3 O-O 13. f4 Be6 14. Bd3 Bf5
15. Bc4 Be6 16. Bd3 Bf5 17. a4 c5 18. Ba3 b6 19. dxc5 bxc5 20. Bxc5 Qc7 21. Bd6
Qxc3 22. Bxf5 Nxf5 23. Bxf8 Ne3 24. Qf3 Nh4 25. Qg3 Rxf8 26. Qxh4 Nxf1 27. Rxf1
Qxc2 28. Qe7 Qxa4 29. f5 Qd4+ 30. Kh1 Qd3 31. Kg1 Qd4+ 32. Kh1 Qd3 33. Ra1 Qxf5
34. h3 h6 35. Rxa7 Qb1+ 36. Kh2 Qf5 37. Ra3 Qf4+ 38. Kh1 Qf1+ 39. Kh2 Qf4+ 40.
Kg1 Qd4+ 41. Kf1 Qf4+ 42. Ke2 Qe4+ 43. Kf1 Qc4+ 44. Kf2 Qd4+ 45. Kg3 Qe4 46.
Rf3 Qg6+ 47. Kh2 Qe6 48. Qc5 Re8 49. Re3 f6 50. Qc3 fxe5 51. Kh1 e4 52. Qe1 Qe5
53. Qf2 Qe6 54. Qe2 Qe5 55. Qe1 Qe6 56. Qd1 Qe5 57. Qd2 Qe6 58. Qc2 Qe5 59. Kg1
Qe6 60. Qb2 Qe5 61. Qe2 Qe6 62. Qe1 Qe5 63. Qf1 Qe6 64. Qe2 Qe5 65. Qf2 Qe6 66.
Qh4 Qe5 67. Qg4 Qe6 68. Qf4 Qe5 69. Qg4 Qe6 70. Qe2 Qe5 71. Qd2 Qe6 72. Qe1 Qe5
73. Qf1 Qe6 74. Qe2 {Normal} 1/2-1/2

[Event "Rated Blitz game"]
[Site "?"]
[Date "2021.06.24"]
[Round "?"]
[White "khalid_ontawar"]
[Black "leonteo"]
[Result "1-0"]
[WhiteElo "2464"]
[BlackElo "2466"]
[PlyCount "97"]
[EventDate "2021.??.??"]
[EventType "blitz"]
[TimeControl "180"]

1. e4 e5 2. Nc3 Nc6 3. Nf3 Nf6 4. Nxe5 Nxe5 5. d4 Ng6 6. e5 d5 7. exf6 Qxf6 8.
Nxd5 Qd6 9. Ne3 Bd7 10. Bc4 O-O-O 11. O-O f6 12. c3 Nf4 13. Qf3 g5 14. d5 Kb8
15. b4 h5 16. a4 g4 17. Qd1 f5 18. b5 h4 19. Ba3 Qf6 20. Bc5 Bxc5 21. Nc2 g3
22. Nd4 gxh2+ 23. Kh1 Rdg8 24. Qf3 Nxg2 25. d6 Rg4 26. dxc7+ Kxc7 27. Rad1 Kb8
28. Nc6+ Bxc6 29. bxc6 Qxc6 30. Bd5 Qc7 31. Rb1 b6 32. a5 Nf4 33. axb6 Bxb6 34.
c4 Nxd5 35. Qxd5 Qb7 36. Qxb7+ Kxb7 37. c5 Rg6 38. Kxh2 Rhg8 39. Kh3 f4 40.
Rfe1 Rg2 41. Re7+ Kc6 42. cxb6 axb6 43. Re6+ Kd5 44. Rexb6 Rxf2 45. R6b5+ Ke4
46. R5b4+ Kd3 47. R1b3+ Ke2 48. Rb2+ Ke3 49. R4b3+ {Normal} 1-0

[Event "Rated Blitz game"]
[Site "?"]
[Date "2021.06.23"]
[Round "?"]
[White "khalid_ontawar"]
[Black "Alpskj"]
[Result "1-0"]
[WhiteElo "2449"]
[BlackElo "2377"]
[PlyCount "79"]
[EventDate "2021.??.??"]
[EventType "blitz"]
[TimeControl "180"]

1. e4 e5 2. Nf3 Nc6 3. Nc3 Nf6 4. Nxe5 Nxe5 5. d4 Ng6 6. e5 d5 7. exf6 gxf6 8.
Qf3 c6 9. Bd3 Be6 10. Bd2 Bd6 11. O-O-O Qe7 12. Rhe1 O-O-O 13. h3 Rde8 14. Kb1
Kb8 15. Bh6 Ka8 16. Bg7 Rhg8 17. Bxf6 Qc7 18. g4 a6 19. Na4 Ka7 20. Nc5 Bc8 21.
Bf5 Rxe1 22. Rxe1 Bxc5 23. dxc5 Bxf5 24. gxf5 Qf4 25. Qb3 Qxf5 26. Qb6+ Ka8 27.
Bc3 Qxf2 28. a4 d4 29. Ba5 Nf4 30. Qc7 Nd5 31. Qd7 Rb8 32. Re8 Qf1+ 33. Ka2
Qc4+ 34. Kb1 Qf1+ 35. Re1 Qc4 36. b3 Qxc5 37. Bc7 Qc3 38. Re8 Rxe8 39. Qxe8+
Ka7 40. Qb8# {Normal} 1-0